000 00685nam a2200205Ii 4500
003 JO-AjNU
008 230605s9999||||xx |||||||||||||| ||und||
017 _a1989/1568
040 _aJO-AjNU
_bara
_erda
_cJO-AjNU
041 _aara
050 1 4 _aPQ4829 1989
100 3 _aترجمة زغيب، هنري,
_eauthor
_935971
245 0 0 _aكارولين الكونتيسة دي سيغور
264 3 1 _aبغداد: وزارة الثقافة والإعلام، 1989
300 _a236ص
336 _atext
_btxt
_2rdacontent
337 _aunmediated
_bn
_2rdamedia
338 _avolume
_bnc
_2rdacarrier
650 4 _aالأدب العربي - ترجمة - روايات أطفال
_935972
999 _aA14902
_c18470
_d18470